LEADER 01041cam0 22002651 450 001 SOBE00069787 005 20220221102958.0 100 $a20220221d1982 |||||ita|0103 ba 101 $aita 102 $aIT 200 1 $aImprenditori e sindacati in Europa$estoria e prospettive della democrazia industriale$fSergio Turone 210 $aRoma$aBari$cLaterza$d1982 215 $aVII, 303 p.$d18 cm. 225 2 $aSaggi tascabili Laterza$v83 410 1$1001LAEC00017025$12001 $a*Saggi tascabili Laterza$v83 700 1$aTurone$b, Sergio$3A600200050696$4070$0120501 801 0$aIT$bUNISOB$c20220221$gRICA 850 $aUNISOB 852 $aUNISOB$jFondo|Craveri$m171907 912 $aSOBE00069787 940 $aM 102 Monografia moderna SBN 941 $aM 957 $aFondo|Craveri$b000888$gSI$d171907$n20191112$hCraveri$rDono$1rovito$2UNISOB$3UNISOB$420220221102829.0$520220221102923.0$6rovito$fPer le modalità di consultazione vedi home page Biblioteca link Fondi 996 $aImprenditori e sindacati in Europa$943909 997 $aUNISOB